000 01452cam a2200301 a 4500
001 2596895
005 20210414114121.0
008 970313s1998 nyuab b 001 0 eng
010 _a 97011441
020 _a0070494002 (pbk. : alk. paper)
040 _aDLC
_cDLC
_dDLC
043 _an-us---
050 0 0 _aJK274.P36
082 0 0 _a320.473
_221
100 1 _aPatterson, Thomas E.
245 1 0 _aWe the people : a concise introduction to American politics. /
_cThomas E. Patterson.
250 _a2nd ed.
260 _aNew York :
_bMcGraw-Hill,
_cc1998.
300 _axx, 582 p. :
_bill., maps ;
_c23 cm.
500 _a"Overture books."
504 _aIncludes bibliographical references and index.
505 _aContents: The American heritage -- Federal government -- Constitutional democracy -- Civil liberties -- Equal rights -- Public opinion and political socialization -- Voting and participation -- Political parties, candidates and campaigns -- Interest groups -- The News media -- Congress -- The Presidency -- The Bureaucracy -- The Judiciary -- Economic policy -- Social welfare policy -- Foreign and defence policy.
650 _aUnited States -- Politics and government
651 0 _aUnited States
_xPolitics and government.
906 _a7
_bcbc
_corignew
_d1
_eocip
_f19
_gy-gencatlg
942 _2lcc
_cBK
999 _c2062
_d9562